| 000 | 00650nam a22001817a 4500 | ||
|---|---|---|---|
| 999 |
_c188364 _d188364 |
||
| 005 | 20220519155039.0 | ||
| 010 | _aENG-132695 | ||
| 020 |
_a978-81-929658-0-2 _c375.00 |
||
| 035 | _aEN-116227 | ||
| 037 | _bDBAD/PUB | ||
| 082 | _a958.1 | ||
| 100 | _aBhattacharjee, K.P. | ||
| 245 |
_aVision for A New India Urbanisation, Growth & Development: _bRole of Land, Infrastructure and Good Governance/ _cK.P. BHattacharjee |
||
| 260 |
_aKolkata _bEco-Habitat Publisher _c2014 |
||
| 270 |
_aP-753A,New Alipore _bKolkata _e53 _mParam_mitra@yahoo.com |
||
| 300 |
_a182p. _c22cm(pbk) |
||
| 942 |
_2ddc _cEN _h001 _mBHA |
||